ACP -EU fisheries research initiative
Đã lưu trong:
| Định dạng: | Sách |
|---|---|
| Ngôn ngữ: | Undetermined |
| Được phát hành: |
ACP
2002
|
| Những chủ đề: | |
| Các nhãn: |
Thêm thẻ
Không có thẻ, Là người đầu tiên thẻ bản ghi này!
|
| Thư viện lưu trữ: | Trung tâm Học liệu Trường Đại học Cần Thơ |
|---|
| LEADER | 00444nam a2200145Ia 4500 | ||
|---|---|---|---|
| 001 | CTU_52893 | ||
| 008 | 210402s9999 xx 000 0 und d | ||
| 082 | |a 639 | ||
| 082 | |b A832/No.12 | ||
| 245 | 0 | |a ACP -EU fisheries research initiative | |
| 245 | 0 | |c Edited by Villy Christensen, Gunther Reck and Jay L. Maclean | |
| 260 | |b ACP | ||
| 260 | |c 2002 | ||
| 650 | |a fish-culture,aquaculture | ||
| 980 | |a Trung tâm Học liệu Trường Đại học Cần Thơ | ||